000 00384nam a2200133Ia 4500
008 220217s9999||||xx |||||||||||||| ||und||
020 _a81-7808-281-0
082 _a658.45 RUT
100 _aRuthefoord, Andrea, J
_91898
245 0 _aBasic communications skills for technology
260 _aPearson education asia
_bDelhi
_c2001
300 _b0
650 _aCOMMUNICATION SYSTEM
999 _c167760
_d167760